000
00340 a2200145 4500
005
20250628090356.0
020
_a
0-02-6444038-5
082
_a
657 GLE
100
_a
GLENCOE
245
_a
Accounting: Real World Application & Connection
250
_a
4th Ed.
260
_a
New York,
_b
McGraw Hill,
300
_a
V, 55p.;
942
_2
ddc
_c
BKS
999
_c
5915
_d
5915